000 00646nam a2200217 u 4500
005 20220916063639.0
008 170126s2006 ea r 000 0 spa d
020 _a1404274650
035 _aUPN01000215612
049 _aI
050 4 _aTA1149
_bW3.2
100 1 _aWaldeck, Aaron
_940185
245 1 1 _a¡De paseo! /
_cAaron Waldeck ; tr. José María Obregón.
260 _aNew York :
_bRosen,
_c2006.
300 _a8 p. :
_bil. col.
440 0 _aRosen classroom books & materíals
650 4 _aTRANSPORTES -
_vLITERATURA INFANTIL
_920409
650 7 _aLibros ilustrados para niños
_2
_921365
905 _aInfantil
999 _c187712
_d187712